| 000 | 00540cam a2200205ua 4500 | ||
|---|---|---|---|
| 001 | 4325 | ||
| 005 | 20260515113821.0 | ||
| 008 | 111223n ii |||gr||||Z||||||eng | ||
| 020 | _a978-81-7139-321-3 | ||
| 040 | _cMAIN | ||
| 082 | _a305.4 | ||
| 100 | 1 | _aTrivedi, Tanuja, | |
| 245 | 1 | 1 |
_aIndian women and globalisation _cby Tanuja Trivedi |
| 250 | _a1st. | ||
| 260 |
_aNew Delhi: _bJnanada Prakashan (P&D), _c2009. |
||
| 300 |
_a311p: _c23cm. |
||
| 653 | _aSocial group of women | ||
| 653 | _aIndian women and globalisation | ||
| 942 | _cBK | ||
| 999 |
_c4140 _d4140 |
||